000 00926nam a22002057a 4500
999 _c12161
_d12161
003 AR-CdUCM
008 190408b ||||| |||| 00| 0 spa d
040 _aMUNICIPALIDAD PROVINCIAL DEL CUSCO
_cBIBLIOTECA MUNICIPAL DEL CUSCO
082 _a330.98 /
_bW27 / 1948
100 _aWarren, Carlos A.
_929873
245 _aEmancipación económica americana /
260 _aBuenos Aires :
_bEstadigraph,
_c1948.
300 _a592 páginas ;
_bIlustraciones,
_c27 cm.
505 _aContenido: t.1. La Argentina, milagro de dios -- Aurora histórica Argentina hasta el sol de su renacimiento -- El plan quinquenal, la gran palanca de superación Argentina -- Jeraquia humana de un gobernante frente al problema de una histórica deshumanización ...
650 _aPolítica económica
_91407
650 _aDesarrollo económico
_91696
650 _aCondiciones económicas
_91989
942 _2ddc
_cLIBROS
945 _aacv
_d08/04/2019